[Event "Tbilisi zt (Women)"]
[Site "Tbilisi"]
[Date "1993.??.??"]
[Round "5"]
[White "Khurtsilava, Inga"]
[Black "Gurieli, Nino"]
[Result "0-1"]
[WhiteElo "2120"]
[BlackElo "2365"]
[EventDate "1993.??.??"]
[PlyCount "110"]

1.Nf3 Nf6 2.g3 c5 3.Bg2 g6 4.O-O Bg7 5.d3 d5 6.Nbd2 Nc6 7.e4 O-O 8.Re1 b6 
9.h3 dxe4 10.dxe4 Ba6 11.c3 Nd7 12.Qa4 Qc8 13.Nf1 Nde5 14.Nxe5 Nxe5 15.Ne3
e6 16.Ng4 Nd3 17.Rd1 Nxc1 18.Raxc1 h5 19.Ne3 Bh6 20.e5 Bb7 21.Qd7 Bxg2 22.
Qxc8 Rfxc8 23.Kxg2 Bxe3 24.fxe3 Rd8 25.Rd6 Rxd6 26.exd6 Rd8 27.Rd1 f6 28.
Kf3 Kf7 29.Ke4 Rd7 30.g4 hxg4 31.hxg4 g5 32.Rd2 Ke8 33.Rh2 Rf7 34.Kf3 Kd7 
35.Rd2 Rh7 36.Kg3 Rh1 37.e4 Rg1+ 38.Kh3 Re1 39.Rf2 Re3+ 40.Kh2 Rxe4 41.
Rxf6 Kxd6 42.Kg3 Re2 43.Rg6 Rxb2 44.Rxg5 Rxa2 45.Rg7 Ra3 46.Kh4 Rxc3 47.
Rxa7 b5 48.g5 Rc1 49.Kg3 Ke5 50.Kf2 Kf5 51.Rg7 b4 52.g6 Kf6 53.Rg8 b3 54.
g7 c4 55.Rb8 Kxg7 0-1

[Event "Tbilisi zt (Women)"]
[Site "Tbilisi"]
[Date "1993.??.??"]
[Round "6"]
[White "Kachiani Gersinska, Ketino"]
[Black "Aslanian, Ludmila K"]
[Result "1-0"]
[WhiteElo "2420"]
[BlackElo "2230"]
[EventDate "1993.??.??"]
[PlyCount "29"]

1.d4 Nf6 2.c4 e6 3.g3 d5 4.Nf3 dxc4 5.Bg2 Nbd7 6.Nbd2 c5 7.O-O Nb6 8.Nxc4 
Nxc4 9.Qa4+ Bd7 10.Qxc4 cxd4 11.Ne5 Rc8 12.Qxd4 Bc5 13.Qd3 Bc6 14.Qxd8+ 
Kxd8 15.Nxf7+ 1-0

[Event "Tbilisi zt (Women)"]
[Site "Tbilisi"]
[Date "1993.??.??"]
[Round "6"]
[White "Khurtsidze, Nino"]
[Black "Khurtsilava, Inga"]
[Result "1-0"]
[WhiteElo "2275"]
[BlackElo "2120"]
[EventDate "1993.??.??"]
[PlyCount "87"]

1.d4 Nf6 2.g3 e6 3.Bg2 c5 4.Nf3 Nc6 5.O-O a6 6.c4 cxd4 7.Nxd4 Qc7 8.Nc3 
Rb8 9.b3 Be7 10.Bb2 O-O 11.Rc1 b6 12.Nd5 exd5 13.cxd5 Nxd5 14.Bxd5 Bf6 15.
Nxc6 dxc6 16.Bxf6 gxf6 17.Bxc6 Qe5 18.Re1 Be6 19.Qd3 Qa5 20.Qc3 Qxa2 21.
Qxf6 Qa5 22.Ra1 Qc5 23.Ra4 Rfc8 24.Be4 Qc3 25.Bxh7+ Kf8 26.Qxc3 Rxc3 27.b4
Rb3 28.Bd3 b5 29.Rxa6 Rxb4 30.Rc1 Rb2 31.Ra7 b4 32.Bc4 b3 33.Bxe6 fxe6 34.
Rcc7 Rxe2 35.Rcb7 Rxb7 36.Rxb7 b2 37.Kg2 Ke8 38.h4 Kd8 39.h5 Kc8 40.Rb3 
Rd2 41.g4 Kc7 42.h6 Kc6 43.h7 Rd8 44.g5 1-0

[Event "Tbilisi zt (Women)"]
[Site "Tbilisi"]
[Date "1993.??.??"]
[Round "7"]
[White "Hlgatian, Goar"]
[Black "Khurtsidze, Nino"]
[Result "0-1"]
[WhiteElo "2115"]
[BlackElo "2275"]
[EventDate "1993.??.??"]
[PlyCount "120"]

1.e4 c5 2.Nf3 a6 3.d4 cxd4 4.Nxd4 Nf6 5.Nc3 e5 6.Nb3 Bb4 7.Qf3 d5 8.exd5 
Qxd5 9.Bd2 Qxf3 10.gxf3 Bf5 11.O-O-O Nc6 12.a3 Be7 13.Be3 O-O 14.Bd3 Bxd3 
15.Rxd3 Rfd8 16.Rhd1 Rxd3 17.Rxd3 Rd8 18.Kd2 Kf8 19.Bc5 Ke8 20.Bxe7 Kxe7 
21.Rxd8 Nxd8 22.Nc5 Nd7 23.N3e4 f5 24.Nxd7 Kxd7 25.Nc5+ Kd6 26.b4 a5 27.c4
b6 28.Nd3 Nc6 29.Ke3 g5 30.c5+ bxc5 31.b5 Ne7 32.Nb2 Kd5 33.Kd3 Nc8 34.Nc4
e4+ 35.fxe4+ fxe4+ 36.Kc3 a4 37.Ne3+ Kd6 38.Nf5+ Ke5 39.Ne3 Kd6 40.Nf5+ 
Ke6 41.Ne3 Nd6 42.b6 Kd7 43.Nc4 Nxc4 44.Kxc4 Kc6 45.b7 Kxb7 46.Kxc5 Ka6 
47.Kd4 Kb5 48.Kxe4 g4 49.Kd4 h6 50.Kd5 h5 51.Kd4 Kc6 52.Ke4 Kc5 53.Kf4 Kc4
54.h3 Kb3 55.hxg4 hxg4 56.Kxg4 Kxa3 57.f4 Kb4 58.f5 Kc5 59.Kg5 a3 60.f6 
Kd6 0-1

[Event "Tbilisi zt (Women)"]
[Site "Tbilisi"]
[Date "1993.??.??"]
[Round "7"]
[White "Khurtsilava, Inga"]
[Black "Lomineishvili, Maia"]
[Result "0-1"]
[WhiteElo "2120"]
[BlackElo "2080"]
[EventDate "1993.??.??"]
[PlyCount "88"]

1.c4 g6 2.Nc3 Bg7 3.g3 d6 4.Bg2 e5 5.e3 Ne7 6.Nge2 O-O 7.O-O Nbc6 8.a3 Be6
9.Nd5 a5 10.Nec3 Qd7 11.Rb1 Bf5 12.d3 Rab8 13.Nxe7+ Nxe7 14.b4 axb4 15.
axb4 Bh3 16.e4 Bxg2 17.Kxg2 f5 18.f3 Nc6 19.Be3 Nd4 20.Ne2 Ne6 21.b5 f4 
22.Bd2 h5 23.Ng1 Kh7 24.g4 hxg4 25.fxg4 c6 26.Nf3 d5 27.Bc3 dxe4 28.dxe4 
Nd4 29.h3 cxb5 30.cxb5 Rbc8 31.Qd3 Rfd8 32.Bxd4 Qe7 33.Rfc1 exd4 34.e5 Ra8
35.Rb2 Ra3 36.Ng5+ Qxg5 37.Qxa3 f3+ 38.Qxf3 Qxc1 39.Rf2 d3 40.Rf1 Qb2+ 41.
Kh1 Qxe5 42.h4 d2 43.h5 gxh5 44.gxh5 Qd5 0-1

[Event "Tbilisi zt (Women)"]
[Site "Tbilisi"]
[Date "1993.??.??"]
[Round "8"]
[White "Khurtsidze, Nino"]
[Black "Aslanian, Ludmila K"]
[Result "1-0"]
[WhiteElo "2275"]
[BlackElo "2230"]
[EventDate "1993.??.??"]
[PlyCount "83"]

1.d4 Nf6 2.Nf3 e6 3.g3 c5 4.Bg2 Qa5+ 5.Nbd2 cxd4 6.O-O Nc6 7.Nb3 Qd8 8.
Nfxd4 d5 9.c4 Be7 10.cxd5 exd5 11.Bf4 Nh5 12.Be3 O-O 13.Nxc6 bxc6 14.Rc1 
Bd7 15.Bc5 Nf6 16.Qd4 Bxc5 17.Nxc5 Bf5 18.Rfd1 Qb6 19.b3 Rfe8 20.e3 h6 21.
Na4 Qxd4 22.Rxd4 Rac8 23.Nc5 Re7 24.b4 Kf8 25.Nb3 g5 26.Rd2 Rb7 27.a3 g4 
28.Nd4 Bd7 29.Rdc2 Rbc7 30.Nb5 Bf5 31.e4 Bxe4 32.Bxe4 Nxe4 33.Nxc7 Rxc7 
34.Rxc6 Re7 35.Rc7 Re5 36.Re1 Ke8 37.Rxa7 d4 38.Ra5 Re6 39.Kg2 Nc3 40.
Rxe6+ fxe6 41.Kf1 d3 42.Ke1 1-0

[Event "Tbilisi zt (Women)"]
[Site "Tbilisi"]
[Date "1993.??.??"]
[Round "9"]
[White "Airapetian, SH"]
[Black "Khurtsidze, Nino"]
[Result "0-1"]
[WhiteElo "2065"]
[BlackElo "2275"]
[EventDate "1993.??.??"]
[PlyCount "80"]

1.e4 e5 2.Nf3 d6 3.d4 exd4 4.Nxd4 g6 5.Bc4 Bg7 6.O-O Nf6 7.Nc3 O-O 8.Bg5 
c6 9.Qd3 Nbd7 10.f4 b5 11.Bb3 Qb6 12.Kh1 Nc5 13.Qe2 b4 14.e5 Ng4 15.Nd1 
dxe5 16.fxe5 Nxb3 17.Nxb3 Ba6 18.Qxg4 Bxf1 19.Ne3 Ba6 20.Qg3 Bc8 21.Re1 
Qc7 22.Nc4 f6 23.exf6 Qxg3 24.hxg3 Bxf6 25.Bd2 Ba6 26.Nca5 Bxb2 27.Nxc6 
Bc3 28.Nxb4 Bxd2 29.Nxd2 Bb7 30.Nd3 Rac8 31.c4 Ba6 32.Ne5 Rfe8 33.Kg1 Bxc4
34.a3 Rc5 35.Ndf3 Bd5 36.Kf2 Bxf3 37.Nxf3 Rc2+ 38.Kf1 Rxe1+ 39.Nxe1 Ra2 
40.Nd3 Rxa3 0-1

[Event "Tbilisi zt (Women)"]
[Site "Tbilisi"]
[Date "1993.??.??"]
[Round "9"]
[White "Aslanian, Ludmila K"]
[Black "Khurtsilava, Inga"]
[Result "1-0"]
[WhiteElo "2230"]
[BlackElo "2120"]
[EventDate "1993.??.??"]
[PlyCount "107"]

1.e4 c5 2.Nf3 e6 3.d4 cxd4 4.Nxd4 Nf6 5.Nc3 d6 6.g4 h6 7.h4 Nc6 8.g5 hxg5 
9.Bxg5 Be7 10.Qd2 a6 11.O-O-O Bd7 12.Kb1 b5 13.Bg2 Rc8 14.f4 Nxd4 15.Qxd4 
Rc4 16.Qd3 Nh5 17.Bxe7 Qxe7 18.Ne2 e5 19.f5 Nf6 20.b3 Rc6 21.Rdg1 b4 22.
Bf3 Kf8 23.h5 Rh6 24.Rh2 Ne8 25.Rhg2 Qf6 26.c4 Rc5 27.Ng3 Rh7 28.Qd2 a5 
29.Qe3 Qh6 30.Qxh6 Rxh6 31.Nf1 Bc6 32.Ne3 Nf6 33.Ng4 Nxg4 34.Rxg4 Rxh5 35.
Rxg7 Rh6 36.Kc2 Ke7 37.Kd3 a4 38.R1g6 Rxg6 39.fxg6 Kf6 40.Rxf7+ Kxg6 41.
Ra7 Be8 42.bxa4 Bf7 43.Rd7 Bxc4+ 44.Kd2 Bxa2 45.Rxd6+ Kg5 46.Rb6 Rc4 47.a5
Kf4 48.a6 b3 49.Bd1 Ra4 50.Kc3 Rd4 51.Bxb3 Bxb3 52.Kxb3 Rd1 53.Rb4 Rb1+ 
54.Ka4 1-0

[Event "Tbilisi zt (Women)"]
[Site "Tbilisi"]
[Date "1993.??.??"]
[Round "9"]
[White "Hlgatian, Goar"]
[Black "Lomineishvili, Maia"]
[Result "0-1"]
[WhiteElo "2115"]
[BlackElo "2080"]
[EventDate "1993.??.??"]
[PlyCount "76"]

1.e4 c5 2.Nf3 d6 3.d4 cxd4 4.Nxd4 Nf6 5.Nc3 g6 6.Be2 Bg7 7.O-O O-O 8.Be3 
Nc6 9.Nb3 Be6 10.f4 Qc8 11.Kh1 Rd8 12.Bf3 Bc4 13.Rf2 e5 14.Rd2 exf4 15.
Bxf4 Ne5 16.Rxd6 Rxd6 17.Qxd6 Nxf3 18.gxf3 Qh3 19.Nd2 Nh5 20.Be5 f6 21.
Nxc4 Qxf3+ 22.Kg1 fxe5 23.Qe6+ Qf7 24.Qxf7+ Kxf7 25.Rd1 Kg8 26.Rd7 b6 27.
Nb5 Nf6 28.Rxa7 Rd8 29.Nc3 b5 30.Nxb5 Nxe4 31.c3 Nd2 32.Nbd6 Nf3+ 33.Kh1 
Rf8 34.Re7 Rf4 35.Ne3 Bf8 36.Rd7 e4 37.Ng2 Rg4 38.h3 Rg3 0-1

[Event "Zagreb zt (Women)"]
[Site "Zagreb"]
[Date "1993.??.??"]
[Round "1"]
[White "Bazaj Bockai, Snjezana"]
[Black "Macek, Vlasta"]
[Result "1/2-1/2"]
[WhiteElo "2180"]
[BlackElo "2210"]
[EventDate "1993.??.??"]
[PlyCount "54"]

1.c4 e6 2.Nc3 d5 3.d4 Nf6 4.g3 dxc4 5.Bg2 Be7 6.Qa4+ Nbd7 7.Nf3 a6 8.Ne5 
O-O 9.Nxd7 Qxd7 10.Qxc4 Rd8 11.Bf4 Ne8 12.Rd1 Bd6 13.Bc1 Rb8 14.O-O b5 15.
Qb3 Bb7 16.e4 b4 17.Na4 Qb5 18.Be3 Bc6 19.Nc5 Bxc5 20.dxc5 Nf6 21.Rxd8+ 
Rxd8 22.Rd1 Rc8 23.Rd4 a5 24.Qd1 Re8 25.Qc2 Qb7 26.f3 h6 27.Bf1 Qc8 
1/2-1/2

[Event "Zagreb zt (Women)"]
[Site "Zagreb"]
[Date "1993.??.??"]
[Round "1"]
[White "Jelica, Mara"]
[Black "Dengler, Dijana"]
[Result "1-0"]
[WhiteElo "2130"]
[BlackElo "2060"]
[EventDate "1993.??.??"]
[PlyCount "58"]

1.e4 c5 2.Nf3 d6 3.d4 cxd4 4.Nxd4 Nf6 5.Nc3 a6 6.h3 e5 7.Nb3 Be6 8.Bg5 Be7
9.Bxf6 Bxf6 10.Nd5 Bxd5 11.Qxd5 Qc7 12.O-O-O Be7 13.g3 Nc6 14.Kb1 Rc8 15.
Qd2 b5 16.f4 Nd8 17.f5 Nb7 18.Bd3 Qb6 19.Qe2 Nc5 20.Nd2 Na4 21.Nf1 O-O 22.
Ne3 Qd4 23.c3 Rxc3 24.Nd5 b4 25.Nxe7+ Kh8 26.Bc2 b3 27.Rxd4 exd4 28.axb3 
d3 29.bxa4 dxe2 1-0

[Event "Zagreb zt (Women)"]
[Site "Zagreb"]
[Date "1993.??.??"]
[Round "2"]
[White "Bazaj Bockai, Snjezana"]
[Black "Puljek Salai, Zorica"]
[Result "1/2-1/2"]
[WhiteElo "2180"]
[BlackElo "2185"]
[EventDate "1993.??.??"]
[PlyCount "33"]

1.e4 e6 2.d4 d5 3.exd5 exd5 4.Bd3 Bd6 5.Nf3 Nf6 6.O-O O-O 7.Bg5 Bg4 8.Nbd2
Nbd7 9.c3 c6 10.Qc2 Qc7 11.Rfe1 Rfe8 12.Bh4 Bh5 13.Bg3 Bxg3 14.hxg3 Bg6 
15.Bxg6 hxg6 16.Rxe8+ Rxe8 17.Re1 1/2-1/2

[Event "Zagreb zt (Women)"]
[Site "Zagreb"]
[Date "1993.??.??"]
[Round "2"]
[White "Macek, Vlasta"]
[Black "Dengler, Dijana"]
[Result "1-0"]
[WhiteElo "2210"]
[BlackElo "2060"]
[EventDate "1993.??.??"]
[PlyCount "71"]

1.d4 Nf6 2.Nf3 d6 3.g3 Nbd7 4.c4 e5 5.Nc3 Be7 6.Bg2 c6 7.O-O O-O 8.e4 Qc7 
9.h3 Re8 10.Be3 Nf8 11.Qc2 Ng6 12.Rad1 Bd7 13.c5 exd4 14.cxd6 Bxd6 15.Nxd4
Bf8 16.f4 Qc8 17.Kh2 h5 18.e5 h4 19.Qf2 hxg3+ 20.Qxg3 Nh7 21.Be4 c5 22.
Ndb5 a6 23.Nd6 Bxd6 24.Rxd6 Bf5 25.Bd5 Nhf8 26.h4 Ne6 27.h5 Ne7 28.Rg1 g6 
29.hxg6 Nxg6 30.Qh4 Qc7 31.Qf6 Qe7 32.Qxf5 Qh4+ 33.Qh3 Qxh3+ 34.Kxh3 Kh7 
35.f5 Ngf4+ 36.Kh2 1-0

[Event "Zagreb zt (Women)"]
[Site "Zagreb"]
[Date "1993.??.??"]
[Round "2"]
[White "Misanovic, Vesna"]
[Black "Jelica, Mara"]
[Result "1-0"]
[WhiteElo "2385"]
[BlackElo "2130"]
[EventDate "1993.??.??"]
[PlyCount "147"]

1.d4 Nf6 2.c4 g6 3.Nc3 Bg7 4.e4 d6 5.Bd3 O-O 6.Nge2 e5 7.d5 Nh5 8.O-O f5 
9.exf5 gxf5 10.f4 e4 11.Bc2 c5 12.dxc6 Nxc6 13.Be3 Be6 14.Bb3 Nf6 15.h3 
Qe7 16.Nb5 Ne8 17.Ned4 Nxd4 18.Nxd4 Bd7 19.Qe2 Nc7 20.Rfd1 Kh8 21.Rac1 a6 
22.a3 Rf6 23.Ba2 Rg6 24.b4 Qh4 25.Kh1 Bh6 26.Qb2 Bg7 27.Qf2 Qe7 28.Ne2 Ne6
29.Nc3 Bh6 30.Nd5 Qg7 31.Bd2 Qf8 32.c5 Ba4 33.Bc3+ Bg7 34.Rd2 Rd8 35.cxd6 
Rxd6 36.Be5 Rd8 37.Nc7 Nxc7 38.Rxc7 Rxd2 39.Qxd2 Bc6 40.Rf7 Qe8 41.Qb2 
Bxe5 42.fxe5 e3 43.e6+ Kg8 44.Rxf5 Bxg2+ 45.Kh2 Qb8+ 46.Qe5 Qxe5+ 47.Rxe5 
Bc6 48.e7+ Kg7 49.Bd5 Be8 50.Bxb7 Rb6 51.Bf3 Kf6 52.Rxe3 a5 53.bxa5 Ra6 
54.Bd5 Rxa5 55.Bc4 Rc5 56.Bb3 Re5 57.Rxe5 Kxe5 58.Kg3 Kf6 59.Kf4 Kxe7 60.
Kg5 Kf8 61.Kh6 Bg6 62.h4 Bd3 63.a4 Ke7 64.Bg8 Kf6 65.Bxh7 Be2 66.Bg6 Bd1 
67.Be8 Be2 68.Bb5 Bf3 69.a5 Bb7 70.h5 Bc8 71.a6 Kf7 72.a7 Bb7 73.Kg5 Kg7 
74.Be2 1-0

[Event "Zagreb zt (Women)"]
[Site "Zagreb"]
[Date "1993.??.??"]
[Round "3"]
[White "Dengler, Dijana"]
[Black "Misanovic, Vesna"]
[Result "0-1"]
[WhiteElo "2060"]
[BlackElo "2385"]
[EventDate "1993.??.??"]
[PlyCount "73"]

1.d4 d5 2.c4 e6 3.Nc3 Bb4 4.a3 Bxc3+ 5.bxc3 Nf6 6.e3 c5 7.Qc2 Nc6 8.Nf3 
O-O 9.Be2 b6 10.O-O Bb7 11.cxd5 exd5 12.dxc5 bxc5 13.Rd1 Qc7 14.c4 Na5 15.
cxd5 Bxd5 16.Nd2 Rab8 17.Nc4 Nxc4 18.Bxc4 Ba8 19.Bf1 Qe5 20.Ra2 Ng4 21.g3 
Qh5 22.h3 Ne5 23.Bg2 Nf3+ 24.Kf1 Bc6 25.a4 Bb7 26.Qe2 Qg6 27.Rb2 Ba6 28.
Rb5 Ng5 29.Bb2 Bxb5 30.axb5 Qb6 31.Be5 Rbd8 32.Ra1 Rfe8 33.Ra6 Rxe5 34.
Rxb6 axb6 35.f4 Ne4 36.Qg4 f5 37.Qf3 0-1

[Event "Zagreb zt (Women)"]
[Site "Zagreb"]
[Date "1993.??.??"]
[Round "3"]
[White "Tsifanskaya, Ludmila A"]
[Black "Bazaj Bockai, Snjezana"]
[Result "1-0"]
[WhiteElo "2235"]
[BlackElo "2180"]
[EventDate "1993.??.??"]
[PlyCount "81"]

1.Nf3 Nf6 2.g3 d5 3.Bg2 c5 4.O-O Nc6 5.d4 e6 6.c4 cxd4 7.cxd5 Nxd5 8.Nxd4 
Be7 9.Nxc6 bxc6 10.e4 Nb6 11.Qc2 Bb7 12.Rd1 Qc7 13.Nd2 O-O 14.Nb3 c5 15.
Be3 Rac8 16.Rac1 c4 17.Nd4 Ba6 18.Ne2 Rfd8 19.Nc3 h6 20.Bf4 e5 21.Bd2 Bc5 
22.Nd5 Nxd5 23.exd5 Bd4 24.Bc3 Bxc3 25.Qxc3 Qd6 26.Re1 Re8 27.Rcd1 Rcd8 
28.Rd2 Re7 29.Qa5 Rb8 30.h4 Rbe8 31.Re3 e4 32.Qa3 c3 33.Rxc3 Qb6 34.Re3 
Bd3 35.d6 Re6 36.d7 Rd8 37.Bh3 Rf6 38.Qe7 Rf8 39.Rdxd3 exd3 40.Qxf8+ Kh7 
41.d8=Q 1-0

[Event "Zagreb zt (Women)"]
[Site "Zagreb"]
[Date "1993.??.??"]
[Round "4"]
[White "Bazaj Bockai, Snjezana"]
[Black "Jelica, Mara"]
[Result "1/2-1/2"]
[WhiteElo "2180"]
[BlackElo "2130"]
[EventDate "1993.??.??"]
[PlyCount "127"]

1.e4 c5 2.b3 d5 3.exd5 Qxd5 4.Nc3 Qd8 5.Bb2 Nf6 6.Bb5+ Bd7 7.Qe2 Bxb5 8.
Qxb5+ Qd7 9.Qxc5 e6 10.Qb5 Nc6 11.Nf3 a6 12.Qe2 Bc5 13.Ne4 Nxe4 14.Qxe4 
O-O-O 15.O-O f6 16.d4 Bd6 17.c4 Bc7 18.Rac1 h5 19.Rfd1 Rde8 20.a3 h4 21.
Qd3 Bf4 22.Rc2 Nd8 23.d5 e5 24.Re1 Qg4 25.h3 e4 26.Qf1 Qg6 27.Nd4 e3 28.
Kh1 exf2 29.Rxe8 Rxe8 30.Rxf2 Bg3 31.Re2 Qd3 32.c5 Rxe2 33.Nxe2 Qxd5 34.
Nxg3 hxg3 35.b4 Ne6 36.Qe1 Qb3 37.Bc3 Nc7 38.Qxg3 Qxa3 39.Qg4+ Kb8 40.Bd2 
Qa1+ 41.Kh2 g5 42.Qg3 Qa2 43.Bc3 Qe6 44.Bd4 Kc8 45.h4 gxh4 46.Qxh4 f5 47.
Bf2 Kd7 48.Bg3 Nd5 49.Bd6 Nf6 50.Qh8 Kc6 51.Qf8 Nd5 52.Qg7 Qd7 53.Qg6 Kb5 
54.Bf8 Qc8 55.Qd6 Qc6 56.Qe5 Qc7 57.Bd6 Qf7 58.Kg1 Kc6 59.Qd4 Qf6 60.Qd1 
Ne3 61.Qa4+ Kd5 62.Qb3+ Ke4 63.Qb1+ Kd5 64.Qb3+ 1/2-1/2

[Event "Zagreb zt (Women)"]
[Site "Zagreb"]
[Date "1993.??.??"]
[Round "4"]
[White "Macek, Vlasta"]
[Black "Misanovic, Vesna"]
[Result "1-0"]
[WhiteElo "2210"]
[BlackElo "2385"]
[EventDate "1993.??.??"]
[PlyCount "123"]

1.d4 d6 2.g3 g6 3.Bg2 Bg7 4.Nf3 f5 5.c4 Nf6 6.O-O O-O 7.Nc3 Qe8 8.b3 h6 9.
Bb2 c6 10.d5 Na6 11.Nd4 Bd7 12.Qd2 Nc7 13.dxc6 bxc6 14.e4 fxe4 15.Nxe4 
Nxe4 16.Bxe4 e5 17.Nc2 d5 18.cxd5 cxd5 19.Bxd5+ Nxd5 20.Qxd5+ Kh7 21.Ne3 
Bc6 22.Qc4 Bb5 23.Qe4 Bxf1 24.Rxf1 Rd8 25.Nc4 Qe6 26.Re1 Qf7 27.Re2 Rd1+ 
28.Kg2 Qe6 29.f4 Rf5 30.Ne3 Rd7 31.Nxf5 gxf5 32.Qc4 Qxc4 33.bxc4 exf4 34.
gxf4 Bxb2 35.Rxb2 Rd4 36.Rc2 Kg7 37.c5 Rd7 38.Kf3 Kf6 39.Ke3 Ke6 40.c6 Rc7
41.Kd4 Kd6 42.Rc5 Rc8 43.Rxf5 Kc7 44.Kc5 Rg8 45.Rf7+ Kb8 46.Kd6 Rd8+ 47.
Rd7 Rf8 48.Ke5 Re8+ 49.Kf6 Re2 50.Rb7+ Kc8 51.Rxa7 Rxh2 52.f5 h5 53.Rh7 
Rxa2 54.Rxh5 Rc2 55.Kf7 Rxc6 56.f6 Rc1 57.Rd5 Kc7 58.Kf8 Kc6 59.Rd2 Rg1 
60.f7 Rg3 61.Rd4 Kc5 62.Rd7 1-0

[Event "Zagreb zt (Women)"]
[Site "Zagreb"]
[Date "1993.??.??"]
[Round "5"]
[White "Dengler, Dijana"]
[Black "Bazaj Bockai, Snjezana"]
[Result "0-1"]
[WhiteElo "2060"]
[BlackElo "2180"]
[EventDate "1993.??.??"]
[PlyCount "64"]

1.d4 d5 2.c4 e6 3.Nc3 Be7 4.cxd5 exd5 5.Nf3 Nf6 6.Bg5 c6 7.Qc2 Nbd7 8.e3 
O-O 9.Bd3 Re8 10.O-O Nf8 11.Rab1 a5 12.a3 Ne4 13.Bxe7 Qxe7 14.b4 axb4 15.
axb4 Ng6 16.b5 Bg4 17.Nd2 Nxd2 18.Qxd2 Nh4 19.e4 Bh3 20.Qe3 Bxg2 21.Rfe1 
dxe4 22.Bxe4 Bxe4 23.Nxe4 Qd7 24.Qg3 Ng6 25.bxc6 Qxc6 26.Nd6 Rxe1+ 27.Rxe1
h6 28.h4 Nxh4 29.Re8+ Rxe8 30.Nxe8 Nf3+ 31.Kf1 Qb5+ 32.Kg2 Ne1+ 0-1

[Event "Zagreb zt (Women)"]
[Site "Zagreb"]
[Date "1993.??.??"]
[Round "5"]
[White "Jelica, Mara"]
[Black "Puljek Salai, Zorica"]
[Result "1/2-1/2"]
[WhiteElo "2130"]
[BlackElo "2185"]
[EventDate "1993.??.??"]
[PlyCount "123"]

1.e4 e5 2.Nf3 d6 3.d4 Nf6 4.dxe5 Nxe4 5.Bd3 Nc5 6.Bc4 Be6 7.Bxe6 Nxe6 8.
Nc3 Nc6 9.exd6 Bxd6 10.O-O O-O 11.Be3 Qc8 12.Ne4 Be7 13.Qd5 Nb4 14.Qb3 c5 
15.Rad1 Qc6 16.Ned2 Rac8 17.Ne5 Qc7 18.Ndf3 Rfd8 19.a3 Nc6 20.Nxc6 Qxc6 
21.Qc4 Bf6 22.c3 b5 23.Qg4 Rd5 24.Rxd5 Qxd5 25.Nd2 Rd8 26.Ne4 Be7 27.Ng3 
g6 28.Qe2 Qd3 29.Qxd3 Rxd3 30.Re1 a5 31.a4 bxa4 32.Ra1 f5 33.Nf1 f4 34.Bd2
Bd6 35.Rxa4 Bc7 36.f3 g5 37.Kf2 Kf7 38.c4 Rb3 39.Bc3 Kg6 40.Nd2 Rb8 41.Ne4
Kf5 42.Ke2 g4 43.Nd2 h5 44.Kd3 Ng5 45.Ra3 gxf3 46.gxf3 Re8 47.Kc2 Re3 48.
Bg7 Re2 49.h4 Ne6 50.Bc3 Rh2 51.Bxa5 Nd4+ 52.Kc3 Be5 53.Kd3 Nc6 54.Bc3 
Rxh4 55.Ra8 Bxc3 56.Kxc3 Nd4 57.Rf8+ Ke6 58.Kd3 Ke7 59.Rc8 Ne6 60.Ne4 Rh3 
61.Nd2 Rh2 62.Rb8 1/2-1/2

[Event "Zagreb zt (Women)"]
[Site "Zagreb"]
[Date "1993.??.??"]
[Round "5"]
[White "Tsifanskaya, Ludmila A"]
[Black "Macek, Vlasta"]
[Result "1-0"]
[WhiteElo "2235"]
[BlackElo "2210"]
[EventDate "1993.??.??"]
[PlyCount "107"]

1.e4 e6 2.d3 d5 3.Nd2 Nf6 4.Ngf3 b6 5.g3 dxe4 6.dxe4 Bb7 7.Qe2 Nbd7 8.Bg2 
a5 9.O-O Ba6 10.Nc4 e5 11.Rd1 Qe7 12.b3 Bxc4 13.Qxc4 Qc5 14.Qe2 Bd6 15.Nh4
g6 16.Bh6 Qc6 17.a3 Bf8 18.Bxf8 Kxf8 19.Qd2 h6 20.b4 Kg7 21.f4 Rhe8 22.Bf3
Qc4 23.Ng2 axb4 24.axb4 Rxa1 25.Rxa1 Re6 26.Ne3 Qd4 27.Qxd4 exd4 28.Nc4 
Nxe4 29.Ra7 Ndf6 30.Rxc7 Nd5 31.Rd7 Nxb4 32.Rxd4 Nf6 33.c3 Nc2 34.Rd6 b5 
35.Rxe6 fxe6 36.Nd6 Na3 37.Bc6 Nd5 38.Ne4 Kf7 39.Kf2 Ke7 40.Ke2 Nb6 41.Kd3
Nd7 42.Bxd7 Kxd7 43.Kd4 Ke7 44.Kc5 e5 45.fxe5 Ke6 46.Nd2 Kxe5 47.Kb4 Nc2+ 
48.Kxb5 g5 49.c4 Nd4+ 50.Kb6 h5 51.c5 Kf5 52.c6 Ne6 53.Nb3 Kg4 54.Nd4 1-0

[Event "Zagreb zt (Women)"]
[Site "Zagreb"]
[Date "1993.??.??"]
[Round "6"]
[White "Bazaj Bockai, Snjezana"]
[Black "Misanovic, Vesna"]
[Result "0-1"]
[WhiteElo "2180"]
[BlackElo "2385"]
[EventDate "1993.??.??"]
[PlyCount "66"]

1.c4 Nf6 2.Nc3 e6 3.g3 d5 4.Bg2 c5 5.cxd5 exd5 6.Nf3 d4 7.Nb5 a6 8.Na3 Be6
9.d3 Nc6 10.O-O Be7 11.Bg5 O-O 12.Nd2 Nd5 13.Bxe7 Qxe7 14.Nac4 Rad8 15.a4 
b5 16.axb5 axb5 17.Na3 Rb8 18.Qc1 Rfc8 19.Ne4 Na5 20.Qg5 f6 21.Qh4 c4 22.
Nxc4 Nxc4 23.dxc4 bxc4 24.Nd2 c3 25.Bxd5 Bxd5 26.Qxd4 Rd8 27.Qxc3 Qxe2 28.
Rfe1 Qb5 29.Ra7 Re8 30.Rb1 Rbc8 31.Qa5 Qd3 32.Rd7 Qxb1+ 33.Nxb1 Rc1+ 0-1

[Event "Zagreb zt (Women)"]
[Site "Zagreb"]
[Date "1993.??.??"]
[Round "6"]
[White "Macek, Vlasta"]
[Black "Klinova, Masha"]
[Result "1/2-1/2"]
[WhiteElo "2210"]
[BlackElo "2215"]
[EventDate "1993.??.??"]
[PlyCount "90"]

1.d4 d6 2.g3 g6 3.Bg2 Bg7 4.Nf3 Nf6 5.O-O O-O 6.c4 c6 7.Nc3 Qa5 8.h3 e5 9.
e4 Nbd7 10.Re1 a6 11.Be3 Re8 12.Qc2 exd4 13.Nxd4 Ne5 14.Qe2 c5 15.Nc2 Be6 
16.Nd5 Nxd5 17.cxd5 Bd7 18.Na3 f5 19.f4 Nf7 20.Nc4 Qc7 21.Qc2 fxe4 22.Nd2 
Re7 23.Nxe4 Bf5 24.Bf2 Rae8 25.Re2 h5 26.Rae1 Qd7 27.Kh2 Kh8 28.Qd2 Nh6 
29.Nc3 Ng8 30.Be4 b5 31.Qc2 b4 32.Nd1 Bxe4 33.Rxe4 Rxe4 34.Rxe4 Qf5 35.Rc4
Qxd5 36.Qxg6 Re2 37.Rc2 Rxc2 38.Qxc2 Qxa2 39.Qf5 Nf6 40.g4 Qd5 41.Qc8+ Kh7
42.g5 Ne4 43.Qe8 Qf5 44.Qxh5+ Kg8 45.Be3 d5 1/2-1/2

[Event "Zagreb zt (Women)"]
[Site "Zagreb"]
[Date "1993.??.??"]
[Round "6"]
[White "Puljek Salai, Zorica"]
[Black "Dengler, Dijana"]
[Result "1-0"]
[WhiteElo "2185"]
[BlackElo "2060"]
[EventDate "1993.??.??"]
[PlyCount "81"]

1.e4 Nc6 2.d4 e5 3.Nf3 exd4 4.Nxd4 Bc5 5.Nb3 Bb6 6.Nc3 d6 7.Nd5 Qh4 8.Qe2 
Bg4 9.Qd2 Be6 10.Bd3 h6 11.O-O g5 12.Nxb6 axb6 13.Qc3 f6 14.Be3 O-O-O 15.
Nd4 Bd7 16.Nb5 Nge7 17.a4 Bg4 18.f3 Be6 19.Qxf6 Kd7 20.Nxc7 Kxc7 21.Qxe6 
Rhg8 22.Qb3 Nc8 23.Qc3 g4 24.f4 Qe7 25.Bc4 Qxe4 26.Bxg8 Rxg8 27.Qd3 Qe7 
28.Rae1 Qd7 29.b4 Kb8 30.b5 Nd8 31.f5 Nf7 32.f6 Ne5 33.Qf5 Qf7 34.Kh1 h5 
35.Bd4 Ng6 36.Qxh5 g3 37.h3 Rh8 38.Qf5 Qh7 39.f7 Rf8 40.Re8 Ka7 41.Rxf8 
1-0

[Event "Zagreb zt (Women)"]
[Site "Zagreb"]
[Date "1993.??.??"]
[Round "6"]
[White "Tsifanskaya, Ludmila A"]
[Black "Jelica, Mara"]
[Result "0-1"]
[WhiteElo "2235"]
[BlackElo "2130"]
[EventDate "1993.??.??"]
[PlyCount "118"]

1.e4 c5 2.Nf3 d6 3.c3 Nf6 4.Bd3 Nc6 5.Bc2 Bg4 6.d3 e5 7.Nbd2 Be7 8.O-O O-O
9.Nc4 Re8 10.Ne3 Bc8 11.h3 Bf8 12.a4 g6 13.Re1 Bg7 14.Bb3 Rb8 15.Nh2 b6 
16.Nhg4 Be6 17.Nxf6+ Bxf6 18.Ng4 Bg5 19.Nh6+ Kg7 20.Bxe6 Rxe6 21.Ng4 f5 
22.Ne3 Bxe3 23.Bxe3 f4 24.Bd2 Qh4 25.Qg4 Qf6 26.h4 h6 27.f3 h5 28.Qh3 Re7 
29.b4 Rg8 30.b5 Na5 31.c4 Nb3 32.Ra2 Nd4 33.a5 Kh8 34.axb6 axb6 35.Bc3 Ne6
36.Rea1 Reg7 37.Ra8 Nf8 38.R1a7 Ne6 39.Rxg8+ Kxg8 40.Ra6 Rb7 41.Bd2 Kf7 
42.Kf2 Qe7 43.g4 fxg3+ 44.Qxg3 Qf6 45.Bg5 Nxg5 46.hxg5 Qd8 47.f4 exf4 48.
Qxf4+ Kg8 49.Ke2 Rf7 50.Qg3 Re7 51.Qf3 Rf7 52.Qg2 Kh7 53.Qg3 Qh8 54.e5 Re7
55.Rxb6 Rxe5+ 56.Kd2 Re7 57.Rxd6 Qb2+ 58.Kd1 Qe2+ 59.Kc1 Qf1+ 0-1

[Event "Zagreb zt (Women)"]
[Site "Zagreb"]
[Date "1993.??.??"]
[Round "7"]
[White "Dengler, Dijana"]
[Black "Tsifanskaya, Ludmila A"]
[Result "0-1"]
[WhiteElo "2060"]
[BlackElo "2235"]
[EventDate "1993.??.??"]
[PlyCount "134"]

1.d4 Nf6 2.c4 g6 3.Nc3 Bg7 4.e4 d6 5.f3 c6 6.Be3 a6 7.a4 a5 8.Nge2 Na6 9.
Nc1 O-O 10.Nd3 Nb4 11.Qd2 Nd7 12.Be2 e5 13.d5 Nxd3+ 14.Bxd3 Nc5 15.Bc2 Na6
16.Bb3 c5 17.O-O-O Bd7 18.g4 Qb6 19.Nb5 Nc7 20.h4 Bxb5 21.cxb5 Ne8 22.h5 
Qc7 23.Bc4 Qe7 24.Rh3 b6 25.Rdh1 Nf6 26.Bh6 Ra7 27.Kc2 Bxh6 28.Qxh6 Re8 
29.Qg5 Nd7 30.Qd2 Nf8 31.Qh6 Qf6 32.b3 Rae7 33.Qd2 Qf4 34.g5 Qxd2+ 35.Kxd2
Nd7 36.Ke3 Rf8 37.R1h2 gxh5 38.Rxh5 f6 39.Rh6 Rg7 40.gxf6 Rxf6 41.R6h5 Nf8
42.Rf5 Rgf7 43.Rxf6 Rxf6 44.Bf1 Kg7 45.Bh3 Rh6 46.Rg2+ Ng6 47.Bf5 Rh1 48.
Kd2 Kf6 49.Rg4 Rh2+ 50.Kc1 Ne7 51.Be6 h5 52.Rg3 h4 53.Rg4 Ng6 54.Bf5 Nf4 
55.Rg8 h3 56.Rh8 Rh1+ 57.Kb2 h2 58.Ka2 Nxd5 59.Rh6+ Kg5 60.Rg6+ Kf4 61.
Rg4+ Ke3 62.exd5 Ra1+ 63.Kxa1 h1=Q+ 64.Bb1 Qxf3 65.Rg6 Qxd5 66.Rg3+ Kf4 
67.Rd3 Qe6 0-1